Tâm lý học hài hước : Khoa học về những điều kỳ quặc trong cuộc sống thường ngày

Cuốn sách hàm chứa những nghiên cứu, thí nghiệm độc đáo, dị thường của những nhà khoa học tò mò nhất trên thế giới. Trong đó có rất nhiều điều chúng ta cũng thường xuyên tự hỏi mỗi ngày. Mỗi chương sách hé lộ một mảng tâm lí học bi...

תיאור מלא

שמור ב:
מידע ביבליוגרפי
מחבר ראשי: Wiseman, Richard
פורמט: ספר
שפה:Undetermined
יצא לאור: Hà Nội Lao động 2016
נושאים:
תגים: הוספת תג
אין תגיות, היה/י הראשונ/ה לתייג את הרשומה!
Thư viện lưu trữ: Trung tâm Học liệu Trường Đại học Cần Thơ
LEADER 01536nam a2200229Ia 4500
001 CTU_223764
008 210402s9999 xx 000 0 und d
020 |c 79000 
082 |a 150.72 
082 |b W814 
100 |a Wiseman, Richard 
245 0 |a Tâm lý học hài hước : 
245 0 |b Khoa học về những điều kỳ quặc trong cuộc sống thường ngày 
245 0 |c Richard Wiseman ; Vũ Thanh Nhàn (Dịch) 
260 |a Hà Nội 
260 |b Lao động 
260 |c 2016 
520 |a Cuốn sách hàm chứa những nghiên cứu, thí nghiệm độc đáo, dị thường của những nhà khoa học tò mò nhất trên thế giới. Trong đó có rất nhiều điều chúng ta cũng thường xuyên tự hỏi mỗi ngày. Mỗi chương sách hé lộ một mảng tâm lí học bí mật nằm dưới những khía cạnh khác nhau trong cuộc sống của chúng ta, từ sự lừa dối cho đến việc ra quyết định, từ tính ích kỉ cho đến sự mê tín. Trong quá trình này, chúng ta sẽ bắt gặp một vài mảnh ghép ưa thích về sự kì lạ nhưng hấp dẫn. 
650 |a Psychology,Psychology, Applied,Tâm lý ứng dụng,Tâm lý học 
650 |x Các tác phẩm phổ biến 
904 |i Tuyến 
980 |a Trung tâm Học liệu Trường Đại học Cần Thơ